000 00521nam a22001937a 4500
003 KOHA_MİRAKIL
005 20251030153727.0
008 251030b tu ||||| |||| 00| 0 tur d
020 _a9786056323997
040 _aTR-AnABB
_btur
_cTR-AnABB
041 _atur
082 _a297.47932
_bOZE 2021
100 1 _aÖzel, İsmet,
245 1 0 _aTaşları yemek yasak /
_cİsmet Özel
260 _aİstanbul :
_bTiyo Yayıncılık,
_c2021
300 _a317 sayfa ;
_c17 cm
650 0 4 _aİslam
942 _2ddc
_cBK
999 _c9249
_d9249
900 _bGizem YORULMAZ